000 00264nam a2200109Ia 4500
008 190216s9999||||xx |||||||||||||| ||und||
100 _aPilla K C
245 0 _aMahacharithamala
260 _bKairali Childrens Book Trust
650 _aJeeva Charithram
942 _cBK
999 _c25577
_d25577